00985cam a2200265 a 4500001000700000003000900007005001700016008004100033010001700074020001500091040002800106043002100134050004500155082002200200100001800222245004400240260007400284300004000358440004800398504006400446650002000510651002900530856008600559856007400645563878BDDh-ASL20231015025932.0890703s1990 enkab b 001 0 eng  a 89017348  a0521268842 aDLCcDLCdDLCdBDDh-ASL aa-ii---aa-pk---00aDS436b.N47 1987 pt. 2, vol. 3aDS485.P300a954.5088220bGRS1 aGrewal, J. S.14aThe Sikhs of the Punjab /cJ.S. Grewal. aCambridge [England] ;aNew York :bCambridge University Press,c1990. axxv, 264 p. :bill., maps ;c24 cm. 4aThe New Cambridge history of India ;vII, 3 aIncludes bibliographical references (p. 246-254) and index. 0aSikhsxHistory. 0aPunjab (India)xHistory.423Publisher descriptionuhttp://www.loc.gov/catdir/description/cam023/89017348.html413Table of contentsuhttp://www.loc.gov/catdir/toc/cam022/89017348.html